Bad Religion albums - Statistics

General Stats
  • This quiz has been taken 61 times
    50 since last reset
  • The average score is 12 of 17
Answer Stats
Year Album % Correct
1993 Recipe for Hate
89%
1989 No Control
86%
1994 Stranger than Fiction
86%
1992 Generator
84%
1988 Suffer
84%
1990 Against the Grain
82%
1996 The Gray Race
82%
1982 How Could Hell Be Any Worse?
75%
2013 True North
70%
1998 No Substance
64%
2002 The Process of Belief
64%
2000 The New America
61%
2007 New Maps of Hell
59%
2010 The Dissent of Man
57%
2004 The Empire Strikes First
57%
2019 Age of Unreason
55%
1983 Into the Unknown
52%
No matching quizzes found
Score Distribution
Percent of People with Each Score
Percentile by Number Answered
Your Score History
You have not taken this quiz since the last reset